MARC details
| 000 -LEADER |
| campo de control de longitud fija |
01743nam a22002415i 4500 |
| 001 - NÚMERO DE CONTROL |
| campo de control |
164711 |
| 003 - IDENTIFICADOR DE NÚMERO DE CONTROL |
| campo de control |
ES-MaACL |
| 005 - FECHA Y HORA DE LA ÚLTIMA TRANSACCIÓN |
| campo de control |
20230906213003.0 |
| 008 - DATOS DE LONGITUD FIJA--INFORMACIÓN GENERAL |
| campo de control de longitud fija |
940721m17911795sp a |||| | spa d |
| 100 1# - ENTRADA PRINCIPAL--NOMBRE DE PERSONA |
| Nombre de persona |
Sañez Reguart, Antonio. |
| 9 (RLIN) |
132519 |
| 245 10 - MENCIÓN DEL TÍTULO |
| Título |
Diccionario historico de los [sic] artes de la pesca nacional / |
| Mención de responsabilidad, etc. |
por el comisario real de guerra de marina ... Antonio Sañez Reguart ... ; Tomo primero [-quinto]. |
| 260 ## - PUBLICACIÓN, DISTRIBUCIÓN, ETC. |
| Lugar de publicación, distribución, etc. |
Madrid : |
| Nombre del editor, distribuidor, etc. |
en la Imprenta de la Viuda de Don Joaquin Ibarra ..., |
| Fecha de publicación, distribución, etc. |
1791-1795. |
| 300 ## - DESCRIPCIÓN FÍSICA |
| Extensión |
4 v. ([4], XXXVI, 406, [1] p., [2], LIV h. de lám. ; [2], 142, [i.e. 442] p., [1], LX h. de lám. ; [2], 453, [1] p., [2] en bl., [1], LXXV h. de lám. ; [2], 350 p., [2] en bl., [1], LXXXV h. de lám.) ; |
| Dimensiones |
Fol. |
| 505 8# - NOTA DE CONTENIDO CON FORMATO |
| Nota de contenido con formato |
Contiene: I. A-BU - II. C-D - III. E-H - IV. J-Q. |
| 530 ## - NOTA DISPONIBLE DE FORMULARIO FÍSICO ADICIONAL |
| Nota de formato físico adicional disponible |
Disponible en formato digital. |
| 596 ## - NOTA AL PIE DE IMPRENTA |
| NOTA AL PIE DE IMPRENTA |
Marca tip. en port. |
| 597 ## - NOTA DE DESCRIPCIÓN FÍSICA |
| NOTA DE DESCRIPCIÓN FÍSICA |
Sign.: a-e4, A-Z4, 2A-2Z4, 3A-3D4, 3E3 ; [ ]¹, A-Z4, 2A-2Z4, 3A-3H4, 3I6 ; [ ]¹, A-Z4, 2A-2Z4, 3A-3L4 ; [ ]¹, A-Z4, 2A-2X4 ; A-Z4, 2A-2Z4, 3A-3F4, 3G², [ ]¹. |
| 597 ## - NOTA DE DESCRIPCIÓN FÍSICA |
| NOTA DE DESCRIPCIÓN FÍSICA |
Error de paginación en última p. del v. 2. |
| 599 ## - NOTA A LAS ILUSTRACIONES |
| NOTA A LAS ILUSTRACIONES |
Las h. de láminas, algunas pleg., son grabados calcográficos; las numeradas, sobre utensilios, medios, formas y técnicas de pesca; las no numeradas son un escudo real de Carlos IV adornado con motivos pesqueros, al que el autor dedica la obra, y una representación alegórica del arte de la pesca: "J.B. Bru delt. Navia sculpt." |
| 650 #4 - PUNTO DE ACCESO ADICIONAL DE MATERIA--TÉRMINO DE MATERIA |
| Término de materia o nombre geográfico como elemento de entrada |
Pesca- |
| Subdivisión de forma |
Diccionarios. |
| 9 (RLIN) |
171637 |
| 852 ## - LOCALIZACIÓN |
| Ubicación |
ES-MaACL |
| Número de control de estantería |
R-1537-40 |
| Nota libre |
- Enc. pasta española con hierros dorados |
| -- |
Falta v. 5 |
| Encuadernación |
Olim: G-1915-8 |
| 856 ## - LOCALIZACIÓN Y ACCESO ELECTRÓNICOS |
| Identificador Uniforme de Recursos |
<a href="http://bdh-rd.bne.es/viewer.vm?id=0000023088&page=1 ">http://bdh-rd.bne.es/viewer.vm?id=0000023088&page=1 </a> |
| Nota pública |
Biblioteca Digital Hispánica |
| -- |
(5 v.) |